000 00726nab a2200229 u 4500
001 09511
003 HDC
007 cr bn ---aaaaa
008 210202c mydr|nes 0 a may d
040 _aHDC
245 0 _aSubsea Asia 2012 tarik 123 pempamer
260 _aKuala Lumpur :
_bBerita Harian,
_c2012
336 _atext
_2rdacontent
337 _acomputer
_2rdamedia
338 _aonline resource
_2rdacarrier
650 _aEconomy
_91877
650 _aOil and gas industry
_99306
856 _zRequest full-text at [email protected]
942 _2lcc
942 _cNEWS
942 _kNWSC 001481
999 _c6834
_d6834